Quizzes
Events
Quiz Creation
Community
Videos
Private Events
Remove Ads
Sign In
Join for FREE
Feedback
Dark Mode
Quiz Categories
Sports
Geography
Music
Movies
Television
Just For Fun
Miscellaneous
History
Literature
Language
Science
Gaming
Entertainment
Religion
Holiday
For Kids
Quiz Lab
Recent
Popular Today
Quiz Kudos Today
Editor Picks
Curator Picks
Quizzes by...
Day
Popularity
Type
Ratings
Length
Year
Community
Subscriptions
Recent Discussions
Orange Saloon
Badges
Playlists
Quests
Create
Leaderboards
Showdown
Live 5
Trivia Bingo
Activity
Puzzle Library
Sporcle Events
Private Events
Virtual Trivia
Globe League
Become a Host
Pub Owners
SporcleCon
Opinionation
Our Games
Videos
Blog
Mobile Apps
Partnerships
Remove Ads and Go Orange
Feedback
History
US Presidents
World Leaders
Politics
Nation
Discovery
War
Decade
Year
Century
Biography
Art
History
US Presidents
World Leaders
Politics
Nation
Discovery
War
Decade
Year
Century
Biography
Art
Random Quiz
Search Sporcle
×
Quiz Lab
Quiz Lab
History
Famer
Type in answers that appear in a list
Type in answers that appear in a list
Classic
Best Score? Go Orange.
Farmer George Stats
Can you name the Farmer George?
By
perryeslteacher
15m
26 Questions
5 Plays
5 Plays
5 Plays
Comments
Comments
Give Quiz Kudos
Give Quiz Kudos
-
- Ratings
hide this ad
Replay
Link that replays current quiz
Next Quiz
Link to next quiz in quiz playlist
You Got
0%
They Got
Avg Score
19%
Avg Friend Score
Upgrade to see
Score Distribution
Jump to the score distribution portion of the page
Score
0/26
Timer
15:00
0
Plays Today
Question
Answer
% Correct
How many colonies were there when George Washington was born?
13
80%
What year was George Washington born?
1732
40%
At what age did George to become a soldier?
20
40%
in 1758 George Washington was elected to...
The Virginia House of Burgesses
40%
What do members of the Virginia House of Burgesses do?
make laws
40%
What did the George want to be?
33.3%
Why did Washington get angry about paying so many taxes to England?
33.3%
Who elected George Washington as the first president of the United States of America??
the electors
33.3%
How did George teach himself about the world?
Reading
20%
Where was George born?
Virginia
20%
What was the first war George fought in?
French and Indian war
20%
How long was the first battle of the French and Indian War?
one day
20%
Who won the the war?
the british
20%
Question
Answer
% Correct
How did the British pay for the French and Indian War?
taxes on the colonists
20%
What year was George appointed Commander in Chief of the Colonial Army?
1775
20%
In 1776, the colonists declared their independence from what country?
England
20%
What was the key to victory in the Revolutionary War?
brilliant military planning
20%
Does every country have a constitution?
Yes
20%
Did the colonists fight with the British in the French and Indian War?
the french and the indians
0%
What was the name of the document that guided the US government before the Constitution was written and ratified?
Articles of Confedereation
0%
How many electors did not want George Washington to be President?
none
0%
What was George Washington's first task as President of the United States of America?
set up a new government
0%
Who was the first vice-
president of the United States of America?
John Adams
0%
What was the population of the USA when the first US Census was taken in 1790?
4 million
0%
How many amendments are in the Bill of Rights?
10
0%
How many terms did Washington serve as President of the United States of America?
2
0%
Quiz Playlist
Details
Report
Send in Message
Add To Playlist
Classic:
Type in answers that appear in a list
Last Updated: Feb 16, 2017
Quiz Scoreboard
CHALLENGE
Sign Up to Join the Scoreboard
Show All
Scores
Hide
Comments
May contain spoilers
Recently Published
An Introduction to Baseball
by treessimontrees
Sports
5m
Movies - When Are They Set?
by FPL_Elf
Movies
5m
Popular People in 1961
by mucciniale
History
6m
More to Explore
Quiz From the Vault
Featured Blog Post
Where Did the Easter Bunny Come From?
hide this ad
You Might Also Like...
Tags
Famer
george
Today's Top Quizzes in History
Browse History
hide this ad
Today's Top Quizzes in Famer
Browse Famer
Top Contributed Quizzes in History
1
Popular People in 1991
2
Popular People in 1981
3
Popular People in 1951
4
Popular People in 1941
5
Popular People in 1986
6
Popular People in 1976
7
Popular People in 1921
8
I Am Born On March 28th
9
Popular People in 1946
10
Popular People in 1936
Explore More
Trending Topics
Anime
Marvel
Disney
Kpop
Crossword
NBA
Harry Potter
Country
NFL
Puzzle
WWE
Song
The Office
Soccer
Pokémon
hide this ad
More By:
perryeslteacher
Quiz
Plays
Rating
Category
Featured
Created
Farmer George
5
1.00
History
Feb 15, 2012
Go to Creator's Profile
Score Distribution
Quiz Creator Spotlight
perryeslteacher
Follow
Send a Message
Quizzes Created
-
Created Quiz Play Count
-
More By This Creator
Popular Quizzes Today
1
Find the Countries of Europe - No Outlines Minefield
2
Find the US States - No Outlines Minefield
3
The Countries of the World
4
Popular People in 1961
5
US States
6
Find the US States
7
1-10 Letter E Words III
8
Risky Map Clicking: Biggest States A-Z
More History Quizzes
Find the American Bombers
Quiz Lab
Trending Quizzes
Risky Map Clicking: Least Populous States A-Z
1-10 Letter F Words
1-10 Letter G Words
One Thing in Common: United Kingdom
Risky Map Clicking: Next State Alphabetically
Recently Updated
Leaping Animals
pecheneg
Reality TV Shows (A-Z)
bhenderson79
Rickey Henderson's Hall of Fame Teammates
pecheneg
Champions League XIs: Arsenal
pecheneg
Quick Pick: Celebrities in WWE's Hall of Fame
aduchscher
A-Z Keypad Blitz II
pecheneg
Multiple Oscar Actors
pecheneg
Mystery Phrase Blitz: Oscar 'Best Actors'
pecheneg
F. Scott Fitzgerald Novels
LTH
Pick 3 Villains
ddd62291
Trending Topics
Marvel
Disney
NBA
Anime
Crossword
Kpop
Harry Potter
The Office
Soccer
WWE
NFL
Country
Song
Puzzle
Pokémon
Your Account Isn't Verified!
In order to create a playlist on Sporcle, you need to verify the email address you used during registration. Go to your
Sporcle Settings
to finish the process.
Report this User
Report this user for behavior that violates our
Community Guidelines
.
Details:
Send Report
Go to the Sporcle.com Mobile Site →
Comments